000 00948nam a2200301Ia 4500
001 A0895
003 IT-RoPAU
008 130308s9999 xx 000 0 und d
040 _aIT-RoPAU
040 _cIT-RoPAU
041 _aITALIANO
100 _aMiceli Sergio
100 _gCodice Aut. SPICS: 12877
245 _aSuoni di Giano (I)-Sul comporre di Ennio Morricone
245 _bTrento Cinema-Incontri internazionali con la Musica per Il Cinema
250 _a1a ed.
260 _aTRENTO
260 _bProvincia Autonoma
260 _c1988 [1° Ed.:1988 - Ed.Ling.Originale:1988]
300 _a"12 p. (prefazione: no ; testo: 12 [pagine: 70-81])"
500 _aProblemi di Metodo. Apprendistato Versus Artigianato. Grandi successi e Piccoli Esperimenti. nuove Consonanze. Verso una Sintesi.
650 _aGENERI MUSICALI
650 _eCodice materia Spics: 7010
942 _cBK
957 _71
999 _c59581
_d59581
999 _bSI
999 _g1